De Constantino a Carlomagno a través del caos bárbaro

Uloženo v:
Podrobná bibliografie
Hlavní autor: Palanque, Jean-Rémy (autor)
Médium: Kniha
Jazyk:španělština
Vydáno: Andorra la Vieja Casal i Vall 1961
Vydání:1a. ed
Edice:Yo Sé-Yo Creo, 74
Témata:
Tagy: Přidat tag
Žádné tagy, Buďte první, kdo vytvoří štítek k tomuto záznamu!

MARC

LEADER 00000cam a2200000 a 4500
001 UCE4082
003 CL-VaPUC
008 141009e19610000an |||||||||||||||||spa|d
082 0 4 |a 270.1  |b PAL  |2 21 
100 |a Palanque, Jean-Rémy  |e autor  |9 576650 
245 1 0 |a De Constantino a Carlomagno a través del caos bárbaro 
250 |a 1a. ed 
300 |a 151 p 
942 |c BK 
945 |d 20141009 14:36:00  |a dcastane 
260 |a Andorra la Vieja  |b Casal i Vall  |c 1961 
500 |a v.74 7º parte: la iglesia en su historia 
650 0 |a Historia de la iglesia   |9 257565 
650 7 |a IGLESIA PRIMITIVA  |2 CL-VaPUC  |9 394704 
583 |a last modification  |c 20141009 14:36:00  |k Rodrigo Vera 
490 0 |a Yo Sé-Yo Creo, 74 
999 |c 357160  |d 357158 
952 |0 0  |1 0  |3 erb  |4 0  |6 270_100000000000000_PAL_1961  |7 0  |8 A  |9 464983  |a BIBTEO  |b BIBTEO  |i 4999258  |o 270.1 PAL 1961  |p 4999258  |r 2025-01-17  |w 2019-11-23  |y BK  |z Catalogado en:20141009  |k ICR